000
00213nam a2200085Ia 4500
008
120527s9999 xx 000 0 und d
100
_a
Johnson, M.
245
_a
Systematic introduction to the psychology
942
_c
BK
999
_c
27634
_d
27634